Logo BPK

Biblioteka

Politechniki Koszalińskiej

Sprechen und Schreiben : (Rekord nr 50676)

Szczegóły MARC
000 -ETYKIETA REKORDU
podpole kontrolne o stałej długości 00657nam a2200229 i 4500
001 - NUMER KONTROLNY REKORDU
pole kontrolne bgj
020 ## - MIĘDZYNARODOWY ZNORMALIZOWANY NUMER KSIĄŻKI - ISBN
ISBN 3494020515
040 ## - ŹRÓDŁO KATALOGOWANIA
Instytucja, która utworzyła rekord BPK
041 0# - KOD JĘZYKA
Kod języka tekstu ger
920 ## - Międzynarodowy znormalizowany numer książki – ISBN
ISBN 3-494-02051-5
008 - POLE O STAŁEJ DŁUGOŚCI - DANE KONTROLNE
podpole kontrolne o stałej długości s gw f |000 0 ger
100 1# - NAZWA OSOBOWA
Nazwa osobowa INGENDAHL, Werner
Daty związane z nazwą (1939- ).
245 10 - TYTUŁ/ODPOWIEDZIALNOŚĆ
Tytuł Sprechen und Schreiben :
Ciąg dalszy tytułu Studienbuch zur Didaktik der sprachlichen Äusserung /
Pozostałe elementy strefy tytułu i oznaczenia odpowiedzialności Werner Ingendahl.
260 ## - STREFA ADRESU WYDAWNICZEGO
Miejsce wydania Heidelberg :
Nazwa wydawcy/dystrybutora Quelle & Meyer,
Data publikacji, dystrybucji/powstania dokumentu 1975.
300 ## - STREFA OPISU FIZYCZNEGO
Objętość 242 S. ;
Rozmiary 19 cm.
490 1# - STREFA SERII I DOKUMENTU WIELOCZĘŚCIOWEGO - FORMA NIE DO WYSZUKIWANIA
Tytuł i oznaczenie odpowiedzialności serii Uni-Taschenbücher ;
Numeracja w obrębie serii 451
650 #9 - HASŁO PRZEDMIOTOWE W FORMIE NAZWY OGÓLNEJ LUB JEDNOSTKOWEJ
Nazwa ogólna lub geograficzna Sprache
650 #9 - HASŁO PRZEDMIOTOWE W FORMIE NAZWY OGÓLNEJ LUB JEDNOSTKOWEJ
Nazwa ogólna lub geograficzna Deutschunterricht
650 #9 - HASŁO PRZEDMIOTOWE W FORMIE NAZWY OGÓLNEJ LUB JEDNOSTKOWEJ
Nazwa ogólna lub geograficzna Deutsche Sprache
830 ## - HASŁO DODATKOWE SERII LUB DOKUMENTU WIELOCZĘŚCIOWEGO - TYTUŁ UJEDNOLICONY
Tytuł ujednolicony Uni-Taschenbücher ;
856 ## - LOKALIZACJA I DOSTĘP DO ELEKTRONICZNYCH DOKUMENTÓW ZDALNYCH
Link (URL) http://koha.tu.koszalin.pl/cgi-bin/koha/opac-detail.pl?biblionumber=50676
Tekst linku Katalog online BPK
942 ## - DODATKOWE ELEMENTY (KOHA)
Typ dokumentu Książka
Egzemplarze
Wycofany Status egzemplarza Uszkodzony Dostępność Lokalizacja stała Lokalizacja bieżąca Miejsce przechowywania Sygnatura Kod kreskowy Typ dokumentu
      Tylko na miejscu Biblioteka Politechniki Koszalińskiej Biblioteka Politechniki Koszalińskiej Czytelnia Wydziałowa ul. Kwiatkowskiego 6e N 765 01581027 Książka
© 2023 Biblioteka Politechniki Koszalińskiej :: KOHA